Costs for hazardous waste incineration : capital, operation and maintenance, retrofit /
Guardado en:
| Otros Autores: | |
|---|---|
| Formato: | Libro |
| Idioma: | English |
| Publicado: |
Park Ridge, N.J., U.S.A. :
Noyes Publications,
c1985.
|
| Series: | Pollution technology review,
no. 123 |
| Materias: | |
| Etiquetas: |
Agregar Etiqueta
Sin Etiquetas, Sea el primero en etiquetar este registro!
|
| LEADER | 00929pam a22002415a 4500 | ||
|---|---|---|---|
| 001 | EIQ.libpla001359 | ||
| 008 | 850708s1985####njua#####b####001#0#eng#d | ||
| 005 | 20060914191123.0 | ||
| 245 | 0 | 0 | |a Costs for hazardous waste incineration : |b capital, operation and maintenance, retrofit / |c by R.J. McCormick ... [et al.]. |
| 260 | |a Park Ridge, N.J., U.S.A. : |b Noyes Publications, |c c1985. | ||
| 300 | |a xx, 274 p. : |b il. ; |c 25 cm. | ||
| 440 | 0 | |a Pollution technology review, |x 0090-516X ; |v no. 123 | |
| 504 | |a Incluye referencias bibliográficas e índice. | ||
| 020 | |a 0815510470 | ||
| 700 | 1 | |a McCormick, R. J. | |
| 082 | 0 | 0 | |a 338.4/36284/457 |2 19 |
| 650 | 4 | |a Desechos peligrosos |x Costos. | |
| 650 | 4 | |a Desechos peligrosos |x Incineración. | |
| 650 | 4 | |a Hazardous wastes |x Costs. | |
| 650 | 4 | |a Hazardous wastes |x Incineration. | |
| 010 | |a 85016839 | ||
| 040 | |a DLC |c DLC |d AR-BaSI¿D | ||
| 859 | |a AR-BbSID |b BIB. PLAPIQUI |h 628.5 |i C 674 |p 3954 | ||
